Comparison of the Competitiveness of the BRICS Countries and the USA

Konkurencieschopnosť krajín je dôležitým faktorom ovplyvňujúcim výkonnosť hospodárstva. Príspevok sa zaoberá porovnaním konkurencieschopnosti rozvojových krajín zaradených do skupiny BRICS (Brazília, Rusko, India, Čína a Južná Afrika). Porovnáva sa konkurencieschopnosť krajín BRICS s jednou z najroz...

ver descrição completa

Na minha lista:
Detalhes bibliográficos
Autor principal: Kalusová, Lenka, 1987-
Outros Autores: Smorada, Marián, 1984-
Formato: Capítulo de Livro
Idioma:inglês
Assuntos:
Tags: Adicionar Tag
Sem tags, seja o primeiro a adicionar uma tag!

MARC

LEADER 00000naa$a2200000$$$4500
001 0298735
005 20240502074532.2
041 0 |a eng 
044 |a SK 
245 1 0 |a Comparison of the Competitiveness of the BRICS Countries and the USA  |c Lenka Kalusová, Marián Smorada 
520 |a Konkurencieschopnosť krajín je dôležitým faktorom ovplyvňujúcim výkonnosť hospodárstva. Príspevok sa zaoberá porovnaním konkurencieschopnosti rozvojových krajín zaradených do skupiny BRICS (Brazília, Rusko, India, Čína a Južná Afrika). Porovnáva sa konkurencieschopnosť krajín BRICS s jednou z najrozvinutejších ekonomík sveta, USA. Pri hodnotení konkurencieschopnosti krajín BRICS a USA sa využíva niekoľko rôznych metód a indexov, ktoré každoročne zostavujú významné svetové inštitúcie (napríklad Svetová banka). Z veľkého množstva indexov sa na hodnotenie vybraných krajín vybrali globálny index udržateľnej konkurencieschopnosti, globálny index inovácií, index vnímania korupcie a ďalšie. Z výskumu vyplýva, že spomedzi krajín BRICS je čínska ekonomika najkonkurencieschopnejšia, avšak podľa výsledkov vybraných indexov je jej konkurencieschopnosť slabšia ako konkurencieschopnosť USA. 
610 2 0 |a konkurencieschopnosť 
610 2 0 |a výkonnosť ekonomiky 
610 2 0 |a úroveň rozvoja hospodárskeho 
610 2 0 |a BRICS 
610 2 0 |a Čína 
610 2 0 |a USA 
610 2 0 |a porovnanie štatistické medzinárodné 
100 1 |a Kalusová, Lenka, 1987- 
700 1 |a Smorada, Marián, 1984-